000 00309nam a2200121Ia 4500
008 210430s9999 xx 000 0 und d
082 _a628.1 N 316 I
100 _aNaveed
_954377
245 _aIndustrial Instrumentation
_cNaveed
260 _aLahore
_bAllied book
_c2011
300 _a209 p
942 _cBK
_2ddc
999 _c564944
_d564944